The Greatest Salesman in the World (Record no. 10527)

MARC details
000 -LEADER
fixed length control field 00399nam a22001697a 4500
003 - CONTROL NUMBER IDENTIFIER
control field OSt
008 - FIXED-LENGTH DATA ELEMENTS--GENERAL INFORMATION
fixed length control field 210224b ||||| |||| 00| 0 eng d
020 ## - INTERNATIONAL STANDARD BOOK NUMBER
International Standard Book Number 9788184955682
082 ## - DEWEY DECIMAL CLASSIFICATION NUMBER
Classification number 658.85 MAG
100 ## - MAIN ENTRY--PERSONAL NAME
Personal name MANIDINO, Aog
245 ## - TITLE STATEMENT
Title The Greatest Salesman in the World
250 ## - EDITION STATEMENT
Edition statement 1st
260 ## - PUBLICATION, DISTRIBUTION, ETC. (IMPRINT)
Place of publication, distribution, etc Mumbai
Name of publisher, distributor, etc Jaico Publications
Date of publication, distribution, etc 2021
300 ## - PHYSICAL DESCRIPTION
Extent 102
650 ## - SUBJECT ADDED ENTRY--TOPICAL TERM
Topical term or geographic name as entry element GENERAL
942 ## - ADDED ENTRY ELEMENTS (KOHA)
Source of classification or shelving scheme Dewey Decimal Classification
Koha item type Text Books
Holdings
Withdrawn status Lost status Source of classification or shelving scheme Damaged status Not for loan Collection code Home library Current library Date acquired Source of acquisition Currency Cost, normal purchase price Bill Number Total Checkouts Full call number Acc. no. / Barcode Date last seen Actual Cost, discounted price Bill Date Koha item type Public note Date last borrowed Checked out
    Dewey Decimal Classification     GENERAL PIET C-LIBRARY PIET C-LIBRARY 10/02/2021 Kirti Praskshan IN Rupees 150.00 IN1559   658.85 MAG 32573 24/02/2021 93.00 10/02/2021 Text Books Motivational    
    Dewey Decimal Classification     GENERAL PIET C-LIBRARY PIET C-LIBRARY 10/02/2021 Kirti Praskshan IN Rupees 150.00 IN1559 1 658.85 MAG 32574 28/02/2022 93.00 10/02/2021 Text Books Motivational 14/02/2022  
    Dewey Decimal Classification     GENERAL PIET C-LIBRARY PIET C-LIBRARY 10/02/2021 Kirti Praskshan IN Rupees 150.00 IN1559   658.85 MAG 32575 24/02/2021 93.00 10/02/2021 Text Books Motivational    
    Dewey Decimal Classification     GENERAL PIET C-LIBRARY PIET C-LIBRARY 10/02/2021 Kirti Praskshan IN Rupees 150.00 IN1559   658.85 MAG 32576 24/02/2021 93.00 10/02/2021 Text Books Motivational    
    Dewey Decimal Classification     GENERAL PIET C-LIBRARY PIET C-LIBRARY 10/02/2021 Kirti Praskshan IN Rupees 150.00 IN1559   658.85 MAG 32577 24/02/2021 93.00 10/02/2021 Text Books Motivational    
    Dewey Decimal Classification     GENERAL PIET C-LIBRARY PIET C-LIBRARY 10/02/2021 Kirti Praskshan IN Rupees 150.00 IN1559 3 658.85 MAG 32578 06/01/2026 93.00 10/02/2021 Text Books Motivational 06/01/2026 27/07/2026
    Dewey Decimal Classification     GENERAL PIET C-LIBRARY PIET C-LIBRARY 10/02/2021 Kirti Praskshan IN Rupees 150.00 IN1559 2 658.85 MAG 32579 13/01/2024 93.00 10/02/2021 Text Books . 13/01/2024 11/07/2024
    Dewey Decimal Classification     GENERAL PIET C-LIBRARY PIET C-LIBRARY 10/02/2021 Kirti Praskshan IN Rupees 150.00 IN1559 2 658.85 MAG 32580 13/01/2024 93.00 10/02/2021 Text Books . 13/01/2024 11/07/2024
    Dewey Decimal Classification     GENERAL PIET C-LIBRARY PIET C-LIBRARY 10/02/2021 Kirti Praskshan IN Rupees 150.00 IN1559 2 658.85 MAG 32581 13/01/2024 93.00 10/02/2021 Text Books . 13/01/2024 11/07/2024
    Dewey Decimal Classification     GENERAL PIET C-LIBRARY PIET C-LIBRARY 10/02/2021 Kirti Praskshan IN Rupees 150.00 IN1559 2 658.85 MAG 32582 13/01/2024 93.00 10/02/2021 Text Books . 13/01/2024 11/07/2024

Design & Developed by: PIET Central Library
R70 Miles Stone Pattikalyana Samalkha Panipat 132102
mail ID :- [email protected], Phone No:- 0180-2569700 Ex.216